Olivia Newton John UK Top 75 Hits - Statistics

General Stats
  • This quiz has been taken 42 times
  • The average score is 11 of 24
Answer Stats
Chart Position Year Featuring Answer % Correct
#1 1978/1998 John Travolta You're The One That I Want
97%
#2 1978 Hopelessly Devoted to You
87%
#7 1981 Physical
87%
#1 1978 John Travolta Summer Nights
84%
#1 1980 Electric Light Orchestra Xanadu
84%
#22 1974/1983 I Honestly Love You
68%
#15 1980 Cliff Richard Suddenly
68%
#6 1977 Sam
65%
#43 1982 Make a Move on Me
48%
#4 1978 A Little More Love
45%
#7 1971 If Not For You
45%
#32 1980 Magic
45%
#46 1982 Heart Attack
39%
#57 1983 Twist of Fate
39%
#6 1971 Banks of the Ohio
32%
#3 1990 John Travolta Grease Megamix
29%
#11 1974 Long Live Love
26%
#15 1973 Take Me Home Country Roads
23%
#18 1982 Landslide
16%
#64 1979 Deeper Than The Night
13%
#75 1992 I Need Love
10%
#47 1991 Frankie Valli, John Travolta Grease Dream Mix
6%
#22 1995 Cliff Richard Had to Be
6%
#16 1972 What is Life
6%
No matching quizzes found
Score Distribution
Percent of People with Each Score
Percentile by Number Answered
Your Score History
You have not taken this quiz